• 首页
  • 本馆介绍
  • 公告通知
  • 最新文献
  • 馆藏检索
  • 电子资源
  • 读者导购
  • 参考咨询
  • 我的图书馆
  • 登录
  • 详细信息显示
  • 放入我的书架
  • 预约/预借图书
  • 作者相关作品
  • 分类相关作品
  • 丛书相关作品
  • 出版社相关作品

书目信息

  • 表格格式
  • 工作单格式
  • 卡片格式
题名:
二硫化碳中毒的防治
    
 
作者: ;吉林医科大学工业卫生系卫生学教研室 编
分册:  
出版信息: 北京   石油化学工业出版社  1978
页数: 53页
开本: 19cm
丛书名: 常见化学毒物中毒的防治丛书
单 册:
中图分类: TQ084
科图分类:
主题词: 化工厂
电子资源:
ISBN:
000 00858nam2 2200241 45
001 0178000985
005 20060224093825.45
010    @dCNY0.15
091    @a15063.化309
100    @a19950803d1978 em y0chiy0121 ea
101 0  @achi
102    @aCN@b110000
105    @ay z 000yy
200 10 @a二硫化碳中毒的防治@Aer liu hua tan zhong du de fang zhi@f吉林医科大学工业卫生系卫生学教研室等编@Fji lin yi ke da xue gong ye wei sheng xi wei sheng xue jiao yan shi deng bian
210    @a北京@c石油化学工业出版社@d1978
215    @a53页@d19cm
225 2  @a常见化学毒物中毒的防治丛书
410  0 @120010@a常见化学毒物中毒的防治丛书
606 0  @a化工厂
690    @aTQ084@v3
711 02 @a吉林医科大学工业卫生系卫生学教研室@Aji lin yi ke da xue gong ye wei sheng xi wei sheng xue jiao yan shi@4编
801  0 @aCN@bTSSF@c20060224
905    @a10447@dTQ084@e1
    
    二硫化碳中毒的防治/吉林医科大学工业卫生系卫生学教研室等编.-北京:石油化学工业出版社,1978
    53页;19cm.-(常见化学毒物中毒的防治丛书)
    
    
    ISBN :CNY0.15
    
●
相关链接 在E读中查询图书 在五车中查询图书 在当当中查询图书 在豆瓣中查询图书


正题名:二硫化碳中毒的防治     索取号:TQ084/1         预约/预借

序号 登录号 条形码 馆藏地/架位号 状态 备注
1 0002746   001646035   密集书库/ [索取号:TQ084/1] 在馆    
2 0002747   001646277   密集书库/ [索取号:TQ084/1] 在馆    
唐山师范学院图书馆 欢迎您!
大连网信软件有限公司© 版权所有